Chinese Cities That Are In The Top 1000 Global Cities By Population - Statistics

General Stats
  • This quiz has been taken 78 times
  • The average score is 65 of 272
Answer Stats
Population City % Correct
21.3M Beijing
100%
28.5M Shanghai
100%
13.9M Guangzhou
99%
9.4M Chengdu
94%
12.8M Shenzhen
94%
8.5M Xi An Shaanxi
93%
16.8M Chongqing
92%
8..5M Wuhan
92%
14M Tianjin
90%
4.7M Urumqi
90%
8M Hangzhou
89%
9.4M Nanjing
88%
3.8M Xiamen
85%
4.8M Changsha
81%
3.8M Fuzhou
79%
4.4M Hefei
79%
4.6M Kunming
79%
4M Nanning
79%
7.5M Shenyang
79%
5.6M Zhengzhou
79%
5.9M Dalian
76%
3.8M Wenzhou
75%
1.2M Suzhou
74%
5.6M Ji Nan Shandong
68%
4.4M Ningbo
65%
4.4M Shantou
65%
4.6M Changchun
64%
7.5M Dongguan
64%
3.2M Lanzhou
64%
4.2M Shijiazhuang
61%
1.9M Haikou
60%
3.3M Wuxi
60%
7.5M Foshan
58%
4M Taiyuan Shanxi
58%
2.3M Hohhot
57%
2.7M Zibo
57%
3.8M Nanchang
56%
1.6M Jilin
53%
1.6M Anshan
51%
2.5M Luoyang
51%
3.4M Guiyang
50%
2.2M Baotou
49%
2.2M Xuzhou
47%
2.6M Yantai
47%
2.4M Nantong
44%
1.4M | 2M Taizhou
44%
1.4M Huainan
43%
2.6M Huizhou
40%
2M Linyi
40%
3.6M Tangshan
40%
3.8M Changzhou
39%
1.6M Xining
39%
1.1M Guilin
38%
2M Wuhu
38%
2M Baoding
36%
1.8M Datong
36%
1.3M Kaifeng
36%
2.8M Weifang
36%
1.8M Zhuhai
36%
2.8M Huaian
35%
2.2M Liuzhou
35%
2M Yangzhou
35%
1.8M Quanzhou
33%
2.9M Zhongshan
33%
2.9M Handan
32%
1.2M Maoming
32%
1.6M Yinchuan
32%
1.3M Zhanjiang
32%
1.5M Zhangjiakou
31%
870K Changde
29%
840K Luzhou
29%
1.3M Nanchong
29%
2M Putian
29%
1.3M Taian
29%
920K Zhangzhou
29%
1M Huzhou
28%
1.5M Jining
28%
1.2M Zhuzhou
28%
1.5M Anyang
26%
1.2M Baoji
26%
1.7M Cixi
26%
1.6M Hengyang
26%
1.2M Huaibei
26%
1.9M Yancheng
26%
630K | 710K Yulin
26%
920K Bengbu
25%
1.1M Nanyang
25%
1.3M Rizhao
25%
1.3M Weihai
25%
1.1M Xinxiang
25%
1.6M Yichang
25%
1.1M Jinzhou
24%
1.9M Lianyungang
24%
1.2M Pingdingshan
24%
1.6M Qinhuangdao
24%
1.4M Yiwu
24%
1.7M Jiangmen
22%
1.2M Jinhua
22%
1.3M Mianyang
22%
660K Sanya
22%
1.3M Zunyi
22%
950K Chengde
21%
1M Fuyang
21%
6.5M Haerbin
21%
810K Heze
21%
1M Maanshan
21%
750K Qingyuan
21%
2.7M Shaoxing
21%
1.7M Xiangyang
21%
1.1M Zaozhuang
21%
1M Zhaoqing
21%
1.2M Zhenjiang
21%
900K Dandong
19%
900K Jiangyin
19%
1M Yueyang
19%
1.1M Benxi
18%
1.2M Chifeng
18%
680K Ezhou
18%
1.2M Fushun
18%
860K Xingtai
18%
1.2M Yingkou
18%
760K Anqing
17%
1M Changshu
17%
1.2M Jieyang
17%
960K Jiujiang
17%
870K Shangqiu
17%
1.5M Suqian
17%
730K Wuzhou
17%
830K Xinyang
17%
880K Changzhi
15%
1.3M Dongying
15%
780K Jiaozuo
15%
1M Leshan
15%
950K Mudanjiang
15%
670K Puyang
15%
840K Yibin
15%
1.4M Chaozhou
14%
1M Chenzhou
14%
1M Dezhou
14%
1.3M Jiaxing
14%
880K Liaoyang
14%
1M Panjin
14%
1.6M Qiqihaer
14%
1.1M Xiangtan
14%
730K Xianyang
14%
1M Xuchang
14%
720K Dazhou
13%
860K Fuxin
13%
790K Liaocheng
13%
670K Qinzhou
13%
1M Qujing
13%
830K Quzhou
13%
750K Zigong
13%
800K Bozhou
11%
860K Huangshi
11%
790K Kunshan
11%
920K Linfen
11%
1M Shangrao
11%
770K Shaoguan
11%
1.2M Tengzhou
11%
700K Zhangjiagang
11%
770K Zhumadian
11%
640K Enshi
10%
610K Fuqing
10%
580K Hebi
10%
800K Huludao
10%
730K Jiamusi
10%
1.1M Liupanshui
10%
1.1M Luohe
10%
720K Panzhihua
10%
1.2M Ruian
10%
740K Shaoyang
10%
1.3M Shiyan
10%
730K Suining
10%
810K Tianshui
10%
730K Tongling
10%
820K Xiaogan
10%
730K Yanji
10%
720K Yuncheng
10%
690K Zhoukou
10%
1.1M Binzhou
8%
910K Deyang
8%
940K Guigang
8%
630K Jinzhong
8%
960K Laiwu
8%
780K Langfang
8%
970K Pingxiang
8%
930K Yangjiang
8%
1M | 590K Yichun
8%
760K Danyang
7%
650K Hegang
7%
920K Hengshui
7%
790K Jincheng
7%
1.1M Pizhou
7%
610K Siping
7%
920K Tianmen
7%
730K Tongliao
7%
600K Xiantao
7%
920K Xinyu
7%
730K Yanan
7%
670K Zhoushan
7%
690K Ankang
6%
630K Anshun
6%
730K Dengzhou
6%
630K Hanzhong
6%
680K Hezhou
6%
1.3M Liuyang
6%
710K Longyan
6%
1.2M Puning
6%
590K Qitaihe
6%
790K Taixing
6%
1.1M Wenling
6%
990K Xintai
6%
1.1M Yueqing
6%
710K Yuyao
6%
890K Baishan
4%
680K Bijie
4%
1M Fuzhou Jiangxi
4%
1.4M Gangzhou
4%
810K Huaihua
4%
610K Jingjiang
4%
970K Jixi Heilongjiang
4%
930K Leiyang
4%
1.3M Liuan
4%
680K Loudi
4%
770K Meishan
4%
660K Neijiang
4%
590K Sanmenxia
4%
610K Shishi
4%
600K Shuozhou
4%
590K Tonghua
4%
830K Xinghua
4%
590K Xinyi
4%
830K Yangquan
4%
590K Yiyang
4%
960K Zhucheng
4%
750K Anqiu
3%
1.1M Bazhong
3%
1.9M Daqinq
3%
600K Daye
3%
710K Dongtai
3%
980K Guiping
3%
800K Haicheng
3%
660K Haimen
3%
5.8M Qinqdao
3%
700K Taicang
3%
650K Wuhai
3%
830K Yongzhou
3%
720K Yuxi
3%
580K Zaoyang
3%
590K Dongyang
1%
750K Erduosi
1%
770K Gaomi
1%
770K Hanchuan
1%
890K Liling
1%
750K Linhai
1%
670K Longhai
1%
680K Renqiu
1%
680K Tongxiang
1%
810K Zhuji
1%
610K Cenxi
0%
590K Dengfeng
0%
840K Kuerle
0%
670K Miluo
0%
630K Sanhe
0%
640K Sihui
0%
620K Xinmi
0%
1.1M Xiongan
0%
590K Zhaodong
0%
No matching quizzes found
Score Distribution
Percent of People with Each Score
Percentile by Number Answered
Your Score History
You have not taken this quiz